Oil and politics / (Record no. 17370)
[ view plain ]
| 000 -LEADER | |
|---|---|
| fixed length control field | 01014cam a2200289 i 4500 |
| 001 - CONTROL NUMBER | |
| control field | 17370 |
| 003 - CONTROL NUMBER IDENTIFIER | |
| rucl marc code | BD-RjUL |
| 005 - DATE AND TIME OF LATEST TRANSACTION | |
| control field | 20211209000128.0 |
| 008 - FIXED-LENGTH DATA ELEMENTS--GENERAL INFORMATION | |
| fixed length control field | 140216s1975 enkab b 001 0 eng |
| 020 ## - INTERNATIONAL STANDARD BOOK NUMBER | |
| International Standard Book Number | 0347010776 : |
| 035 ## - SYSTEM CONTROL NUMBER | |
| System control number | (BD-RjUL)17428 |
| 040 ## - CATALOGING SOURCE | |
| Original cataloging agency | DLC |
| Transcribing agency | DLC |
| Modifying agency | DLC |
| Language of cataloging | eng |
| 041 1# - LANGUAGE CODE | |
| Language code of text/sound track or separate title | engfre |
| 082 00 - DEWEY DECIMAL CLASSIFICATION NUMBER | |
| Classification number | 338.27282091822 |
| Author mark and year | MAP 1975 |
| 100 1# - MAIN ENTRY--PERSONAL NAME | |
| Personal name | Madelin, Henri. |
| 9 (RLIN) | 53523 |
| 245 10 - TITLE STATEMENT | |
| Title | Oil and politics / |
| Statement of responsibility, etc. | [by] Henri Madelin ; translated from the French by Margaret Totman. |
| 260 ## - PUBLICATION, DISTRIBUTION, ETC. (IMPRINT) | |
| Place of publication, distribution, etc. | Farnborough, Hants. : |
| Name of publisher, distributor, etc. | Saxon House ; |
| Place of publication, distribution, etc. | Lexington, Mass. : |
| Name of publisher, distributor, etc. | Lexington Books, |
| Date of publication, distribution, etc. | 1975. |
| 300 ## - PHYSICAL DESCRIPTION | |
| Pagination | vii, 241 p. : |
| Illustrations | ill., maps ; |
| Size | 24 cm. |
| 500 ## - GENERAL NOTE | |
| General note | Translation of Pétrole et politique en Méditerranée occidentale. |
| General note | Includes index. |
| 504 ## - BIBLIOGRAPHY, ETC. NOTE | |
| Bibliography, etc | Bibliography: p. 231-235. |
| 650 #0 - SUBJECT ADDED ENTRY--TOPICAL TERM | |
| Topical term or geographic name as entry element | Petroleum industry and trade |
| Geographic subdivision | Mediterranean region. |
| 9 (RLIN) | 53524 |
| 942 ## - ADDED ENTRY ELEMENTS (KOHA) | |
| Source of classification or shelving scheme | Dewey Decimal Classification |
| Koha item type | Books |
| Lost status | Source of classification or shelving scheme | Damaged status | Not for loan | Collection code | Permanent Location | Current Location | Shelving location | Date acquired | Source of acquisition | Cost, normal purchase price | Total Checkouts | Full call number | Date last seen | Copy number | Koha item type |
|---|---|---|---|---|---|---|---|---|---|---|---|---|---|---|---|
| Dewey Decimal Classification | Not For Loan | Non-fiction | Central Library, University of Rajshahi | Central Library, University of Rajshahi | Reading Room | 09/08/1979 | Heffer | 8.00 | 338.27282 MAO 1975 | 16/02/2014 | C-1 | Books | |||
| Dewey Decimal Classification | Non-fiction | Central Library, University of Rajshahi | Central Library, University of Rajshahi | 09/08/1979 | Heffers | 8.00 | 338.27282091822 MAP 1975 | 04/11/2019 | C-2 | Books | |||||
| Dewey Decimal Classification | Non-fiction | Central Library, University of Rajshahi | Central Library, University of Rajshahi | 26/12/1980 | Heffers | 6.85 | 338.27282091822 MAP 1975 | 04/11/2019 | C-3 | Books |